| 000 | 02287nam1a2200373 i 4500 | ||
|---|---|---|---|
| 001 | RU\NLR\bibl\471635 | ||
| 005 | 20260406201156.0 | ||
| 035 | _a(NLR Aleph) 000464810 | ||
| 090 |
_a956568 _c956568 |
||
| 100 | _a20031215g20039999u y0rusy50 ca | ||
| 101 | 0 | _arus | |
| 102 | _aRU | ||
| 105 | _a||||f ||||| | ||
| 200 | 1 |
_aПушкинская энциклопедия "Михайловское" _eВ 3 т. _fМ-во культуры Рос. Федерации, Гос. мемориал. ист.-лит. и природ.-ландшафт. музей-заповедник А.С. Пушкина "Михайловское" _g[Ред. - Егорова Е.Б.] |
|
| 210 |
_aс. Михайловское _aМ. _cКириллица _d2003 |
||
| 215 | _d21 | ||
| 463 | 0 | _1001446245 | |
| 600 | 1 |
_aПушкин _bА.С. _f1799 - 1837 _gАлександр Сергеевич _jЭнциклопедии _91155086 _3RU\NLR\auth\66143362 |
|
| 601 | 0 | 2 |
_a"Михайловское", государственный мемориальный историко-литературный и природно-ландшафтный музей-заповедник А.С. Пушкина _cПсковская область _92118030 _3RU\NLR\auth\661279309 |
| 601 | 0 | 2 |
_aПушкинский гос. заповедник _91378568 _3RU\NLR\auth\66264625 |
| 686 | _aШ5(2=Р)51-4Пушкин.я20 | ||
| 686 | _aШ5(2=Р)51-4Пушкин28Пушк.гос.зап. | ||
| 686 | _aШ5(2=Р)51-4Пушкин.л6 | ||
| 702 | 1 |
_4570 _8rus _7ca _aПушкин _bА. С. _cпоэт _f1799-1837 _gАлександр Сергеевич _3RU\NLR\auth\77386 _9110441 |
|
| 702 | 1 |
_aЕгорова _bЕ. Б. _4340 |
|
| 712 | 0 | 2 |
_4570 _a"Михайловское", государственный мемориальный историко-литературный и природно-ландшафтный музей-заповедник А. С. Пушкина _cПсковская обл. _3RU\NLR\AUTH\889960808 _9417954 |
| 801 | 0 |
_aRU _bNLR _c20031215 _gPSBO |
|
| 801 | 1 |
_aRU _bNLR _c20031215 |
|
| 852 |
_aNLR _jС 2003-2/488 |
||
| 942 | _cBOOK | ||